000 00562nam a2200217 a 4500
005 20210219152845.0
008 991125n 000 0 spa u
035 _aUPN01000063542
100 _aLIVACIC GAZZANO, Ernesto
222 _aPERSPECTIVA EDUCACIONAL
245 _aAlgunas ideas sobre tópicos educacionales de esta hora
260 _aCHILE
300 _a37-40
362 _a1994 No. 24
653 0 _aCALIDAD EDUCATIVA
653 0 _aCHILE (PAIS)
653 0 _aENSEÑANZA
653 0 _aMODERNIDAD
904 _aAC
_b001353
905 _aArticulo
999 _c62171
_d62171